Statistics for Every Tyrese Song on the Billboard Hot 100

Click here to take the quiz!

General Stats

  • This quiz has been taken 9 times
    (7 since last reset)
  • The average score is 5 of 11

Answer Stats

#YearSong% Correct
121999Sweet Lady
86%
72003How You Gonna Act Like That
71%
561999Lately
57%
572003Signs Of Love Makin'
57%
482001I Like Them Girls
43%
92006Pullin' Me Back (Chingy)
43%
712001What Am I Gonna Do
43%
902001Just A Baby Boy (Snoop Dogg) ft. Mr. Tan
29%
361998Nobody Else
29%
772000The Best Man I Can Be (Ginuwine, R.L. & Case)
29%
262000What'Chu Like (Da Brat)
29%

Score Distribution

Percentile by Number Answered

Percent of People with Each Score

Your Score History

You have not taken this quiz since the last reset